Plant Anatomy & Microtechniques/ (Record no. 209601)
[ view plain ]
| 000 -LEADER | |
|---|---|
| fixed length control field | 00584nam a22001817a 4500 |
| 005 - DATE AND TIME OF LATEST TRANSACTION | |
| control field | 20250220163136.0 |
| 010 ## - LCCN (DPL NO) | |
| LC control number | ENG-143214 |
| 020 ## - INTERNATIONAL STANDARD BOOK NUMBER | |
| Terms of availability | 120.00 |
| International Standard Book Number | 97881899941253 |
| 035 ## - SYSTEM CONTROL NUMBER | |
| System control number | EN-126746 |
| 037 ## - SOURCE OF ACQUISITION | |
| Source of stock number/acquisition | DBAD |
| 082 ## - DEWEY DECIMAL CLASSIFICATION NUMBER | |
| Classification number | 581.4 |
| 100 ## - MAIN ENTRY--PERSONAL NAME | |
| Personal name | Ragland, Annie |
| 245 ## - TITLE STATEMENT | |
| Title | Plant Anatomy & Microtechniques/ |
| Statement of responsibility, etc | by Annie Ragland |
| 260 ## - PUBLICATION, DISTRIBUTION, ETC. (IMPRINT) | |
| Name of publisher, distributor, etc | Saras Publication |
| Date of publication, distribution, etc | 2013 |
| Place of publication, distribution, etc | KanyaKumari |
| 270 ## - ADDRESS | |
| City | KanyaKumari |
| Postal code | 629002 |
| Address | 114/35G, A. R. P. Camp Road, Periavilai, Kottar P. O., Nagercoil |
| 300 ## - PHYSICAL DESCRIPTION | |
| Extent | 324p. : |
| Dimensions | 22cm(pb) |
| Other physical details | ill |
| 942 ## - ADDED ENTRY ELEMENTS (KOHA) | |
| Source of classification or shelving scheme | Dewey Decimal Classification |
| Item type | English Books |
| Call number suffix | RAG |
| Classification part | 581.4 |
| Withdrawn status | Lost status | Not for loan | Collection code | Home library | Current library | Date acquired | Source of acquisition | Cost, normal purchase price | Full call number | Barcode | Copy number | Cost, replacement price | Koha item type |
|---|---|---|---|---|---|---|---|---|---|---|---|---|---|
| Non-fiction | Sarojini Nagar | Sarojini Nagar | 20/02/2025 | Delivery of Books Act Division | 120.00 | RAG 581.4 | EN-126746 | 1 | 120.00 | English Books |
